000 01192nam a2200337Ia 4500
001 ebr10131866
003 CaPaEBR
006 m u
007 cr cn|||||||||
008 040622s2004 caua s 001 0 eng d
010 _z 2004109312
015 _aGBA447331
_2bnb
020 _z0782151140
020 _z0782143717
040 _aCaPaEBR
_cCaPaEBR
035 _a(OCoLC)56471016
050 1 4 _aTK5105.5
_b.C494 2004eb
082 0 4 _a004.6
_222
100 1 _aCiccarelli, Patrick.
245 1 0 _aNetworking foundations
_h[electronic resource] /
_cPatrick Ciccarelli, Christina Faulkner.
260 _aSan Francisco :
_bSybex,
_cc2004.
300 _axv, 351 p. :
_bill.
500 _aIncludes index.
533 _aElectronic reproduction.
_bPalo Alto, Calif. :
_cebrary,
_d2009.
_nAvailable via World Wide Web.
_nAccess may be limited to ebrary affiliated libraries.
650 0 _aComputer networks.
650 0 _aTelecommunication.
655 7 _aElectronic books.
_2local
700 1 _aFaulkner, Christina.
710 2 _aebrary, Inc.
856 4 0 _uhttp://site.ebrary.com/lib/rucke/Doc?id=10131866
_zAn electronic book accessible through the World Wide Web; click to view
999 _c183417
_d183417